| 000 | 00738nab a2200229u 4500 | ||
|---|---|---|---|
| 001 | 18296 | ||
| 003 | HDC | ||
| 007 | c| |||a|c|aaaa | ||
| 008 | 210225b20120214my ||||o |||| 00| 0 eng d | ||
| 040 | _aHDC | ||
| 245 | 0 | _aTurkey: 'Halal Facebook' introduced to global audiences in Istanbul | |
| 336 |
_atext _2rdacontent |
||
| 337 |
_acomputer _2rdamedia |
||
| 338 |
_aonline resource _2rdacarrier |
||
| 650 |
_aHalal Facebook _917234 |
||
| 650 |
_aSalam World _917235 |
||
| 710 | _aToday's Zaman | ||
| 856 | _zRequest full-text at [email protected] | ||
| 942 | _2lcc | ||
| 942 | _cNEWS | ||
| 942 | _kNWS0 003494 | ||
| 999 |
_c15612 _d15612 |
||